000 00696nam a2200265Ia 4500
005 20260121171155.0
008 008 260114s9999 xx 000 0 eng d
020 _a9783030119089
037 _aEBOOK
040 _aCRL
040 _beng
040 _cCRL
041 _2eng
041 _aeng
084 _qCRL
100 _aHoward H. Goldman, Richard G. Frank, Joseph P. Morrissey
_91072938
245 4 _aThe Palgrave Handbook of American Mental Health Policy
260 _bSpringer
260 _bSpringer
260 _c2020
856 _uhttps://link.springer.com/openurl?genre=book&isbn=978-3-030-11908-9
942 _cEBOOK
999 _c1638668
_d1638668